Ortega y el teatro (Record no. 5000)
[ view plain ]
| 000 -LEADER | |
|---|---|
| campo de control de longitud fija | 01307njm a2200289 i 4500 |
| 001 - NÚMERO DE CONTROL | |
| campo de control | 5000 |
| 003 - IDENTIFICADOR DE NÚMERO DE CONTROL | |
| campo de control | ES-MaACL |
| 005 - FECHA Y HORA DE LA ÚLTIMA TRANSACCIÓN | |
| campo de control | 20250801034654.0 |
| 007 - CAMPO FIJO DE DESCRIPCIÓN FÍSICA--INFORMACIÓN GENERAL | |
| campo de control de longitud fija | s|r||||||||||| |
| 008 - DATOS DE LONGITUD FIJA--INFORMACIÓN GENERAL | |
| campo de control de longitud fija | 070907s1983 sp ||| g ||||||||1|nspa d |
| 100 1# - ENTRADA PRINCIPAL--NOMBRE DE PERSONA | |
| Nombre de persona | Ynduráin, Francisco, |
| Fechas asociadas al nombre | 1910-1994 |
| 9 (RLIN) | 117648 |
| 245 10 - MENCIÓN DEL TÍTULO | |
| Título | Ortega y el teatro |
| Medio | [Grabación sonora] / |
| Mención de responsabilidad, etc. | interviene Francisco Ynduráin ; presenta José Gerardo Manrique de Lara. |
| 260 ## - PUBLICACIÓN, DISTRIBUCIÓN, ETC. | |
| Lugar de publicación, distribución, etc. | Madrid : |
| Nombre del editor, distribuidor, etc. | Ateneo de Madrid, |
| Fecha de publicación, distribución, etc. | 1983. |
| 300 ## - DESCRIPCIÓN FÍSICA | |
| Extensión | 1 disco (CD-DA) (52 min. 51 seg.) ; |
| Dimensiones | 12 cm. |
| 490 1# - MENCIÓN DE SERIE | |
| Mención de serie | Centenario del nacimiento de José Ortega y Gasset |
| 500 ## - NOTA GENERAL | |
| Nota general | Datos basados en la invitación. |
| 518 ## - NOTA DE FECHA/HORA Y LUGAR DE UN ACONTECIMIENTO | |
| Nota de fecha/hora y lugar de un acontecimiento | Acto organizado por el Ateneo de Madrid y dirigido por Antonio Rodríguez Huéscar, grabado en el salón de actos el viernes, 9 de diciembre de 1983, a las 20:00 h. |
| 600 14 - PUNTO DE ACCESO ADICIONAL DE MATERIA--NOMBRE DE PERSONA | |
| Nombre de persona | Ortega y Gasset, José, |
| Fechas asociadas al nombre | 1883-1955- |
| Subdivisión de forma | Homenajes |
| 9 (RLIN) | 87506 |
| 610 24 - PUNTO DE ACCESO ADICIONAL DE MATERIA--NOMBRE DE ENTIDAD CORPORATIVA | |
| Nombre de entidad corporativa o nombre de jurisdicción como elemento de entrada | Ateneo de Madrid- |
| Subdivisión general | Actos culturales- |
| Subdivisión cronológica | 1983- |
| Subdivisión de forma | Grabaciones sonoras. |
| 9 (RLIN) | 1897 |
| 700 1# - ENTRADA AGREGADA--NOMBRE PERSONAL | |
| Nombre de persona | Rodríguez Huéscar, Antonio. |
| 9 (RLIN) | 98579 |
| 700 1# - ENTRADA AGREGADA--NOMBRE PERSONAL | |
| Nombre de persona | Manrique de Lara, José Gerardo, |
| Fechas asociadas al nombre | 1922-2001 |
| 9 (RLIN) | 76104 |
| 710 2# - ENTRADA AGREGADA--NOMBRE DE ENTIDAD CORPORATIVA | |
| Nombre de entidad corporativa o nombre de jurisdicción como elemento de entrada | Ateneo de Madrid. |
| 9 (RLIN) | 1875 |
| 830 0# - PUNTO DE ACCESO ADICIONAL DE SERIE-TÍTULO UNIFORME | |
| Título uniforme | Centenario del nacimiento de José Ortega y Gasset |
| 9 (RLIN) | 176750 |
| 852 ## - LOCALIZACIÓN | |
| Ubicación | ES-MaACL |
| Número de control de estantería | ROT 5/6/27 |
| itemnumber | 5117 |
| Ubicación en estantería | Rotativo |
| 942 ## - ELEMENTOS DE ENTRADA SECUNDARIOS (KOHA) | |
| Fuente del sistema de clasificación o colocación | Clasificación decimal universal |
| Estatus retirado | Estado de pérdida | Fuente del sistema de clasificación o colocación | Estado de daño | No para préstamo | Colección | Biblioteca de origen | Biblioteca actual | Ubicación en estantería | Fecha de adquisición | Total de préstamos | Signatura topográfica completa | Código de barras | Visto por última vez | Precio de reemplazo | Tipo de ítem Koha |
|---|---|---|---|---|---|---|---|---|---|---|---|---|---|---|---|
| Clasificación decimal universal | Archivo de la palabra | Biblioteca del Ateneo de Madrid | Biblioteca del Ateneo de Madrid | Rotativo | 17/01/2008 | ROT 5/6/27 | 1005063 | 23/02/2023 | 23/02/2023 | Archivo de ordenador en CD-ROM, CD o disquete |
